[Event "BEL-chT 2223"]
[Site "Belgium"]
[Date "2023.03.19"]
[Round "9.2"]
[White "Cocquyt, Tijs"]
[Black "Van Houtte, Randy"]
[Result "1/2-1/2"]
[WhiteElo "2024"]
[BlackElo "2092"]
[PlyCount "49"]
[EventDate "2022.09.25"]
[EventType "team-tourn"]
[EventRounds "11"]
[EventCountry "BEL"]
[SourceTitle "CBM 213 Extra"]
[Source "ChessBase"]
[SourceDate "2023.05.31"]
[SourceVersion "1"]
[SourceVersionDate "2023.05.31"]
[SourceQuality "1"]
[WhiteTeam "Oostende"]
[BlackTeam "Wetteren"]
[WhiteTeamCountry "BEL"]
[BlackTeamCountry "BEL"]

1. e4 c5 2. Nc3 a6 3. Nge2 b5 4. g3 Bb7 5. Bg2 e6 6. d4 b4 7. Na4 cxd4 8. Nxd4 Nf6 9. 0-0 Bxe4 10. Bxe4 Nxe4 11. Re1 Nc5 12. c3 Nc6 13. Nxc5 Bxc5 14. Nxc6 dxc6 15. Qh5 Be7 16. Rxe6 0-0 17. Rxc6 bxc3 18. Rxc3 Bf6 19. Rc2 Rc8 20. Qe2 Qb6 21. Rb1 Qa5 22. a3 Qf5 23. Rxc8 Rxc8 24. Ra1 h5 25. Be3 1/2-1/2

[Event "Brasschaat op 15th"]
[Site "Brasschaat"]
[Date "2015.08.17"]
[Round "3"]
[White "Van Houtte, Randy"]
[Black "Wuytens, Robin"]
[Result "0-1"]
[WhiteElo "1977"]
[BlackElo "1791"]
[PlyCount "90"]
[EventDate "2015.08.15"]
[EventType "swiss"]
[EventRounds "9"]
[EventCountry "BEL"]
[SourceTitle "EXT 2016"]
[Source "ChessBase"]
[SourceDate "2015.10.08"]
[SourceVersion "1"]
[SourceVersionDate "2015.10.08"]
[SourceQuality "1"]

1. c4 e5 2. Nc3 Nf6 3. g3 d5 4. cxd5 Nxd5 5. Bg2 Nb6 6. Nf3 Nc6 7. 0-0 Be7 8. d3 0-0 9. Be3 Be6 10. Qd2 h6 11. a3 f5 12. b4 Bf6 13. Rab1 Qd7 14. Rfd1 Rad8 15. Bc5 Rfe8 16. Qc1 Nd4 17. Nd2 Nd5 18. Bxd4 exd4 19. Nxd5 Bxd5 20. Bxd5+ Qxd5 21. Qxc7 Rxe2 22. Qc5 Bg5 23. Qxd5+ Rxd5 24. Nf3 Bf6 25. Rdc1 Rd7 26. Rc5 Ra2 27. Rb3 g6 28. h4 Re7 29. Rc1 Ree2 30. Rf1 g5 31. hxg5 hxg5 32. b5 g4 33. Nh4 Bxh4 34. gxh4 g3 35. Rb4 Rxf2 36. Rxf2 Rxf2 37. Rxd4 f4 38. Rd5 Kg7 39. Rg5+ Kf6 40. a4 Rh2 41. Rg4 Ke5 42. Kf1 Rf2+ 43. Ke1 Kd4 44. h5 Ke3 45. Rg5 g2 0-1

[Event "Vlissingen HZ op 19th"]
[Site "Vlissingen"]
[Date "2015.08.07"]
[Round "8"]
[White "Van Houtte, Randy"]
[Black "Warmerdam, Max"]
[Result "0-1"]
[WhiteElo "1977"]
[BlackElo "2236"]
[PlyCount "84"]
[EventDate "2015.08.01"]
[EventType "swiss"]
[EventRounds "9"]
[EventCountry "NED"]
[SourceTitle "CBM 167 Extra"]
[Source "ChessBase"]
[SourceDate "2015.09.14"]
[SourceVersion "1"]
[SourceVersionDate "2015.09.14"]
[SourceQuality "1"]

1. c4 Nf6 2. Nf3 g6 3. g3 Bg7 4. Bg2 0-0 5. 0-0 d6 6. Nc3 Nc6 7. d3 e5 8. Rb1 a5 9. a3 h6 10. e4 Be6 11. Nd5 Nd7 12. Be3 Ne7 13. Ne1 c6 14. Nxe7+ Qxe7 15. Qd2 Kh7 16. b4 axb4 17. axb4 Nf6 18. f3 Rfd8 19. Qf2 Ra3 20. Qe2 Rda8 21. Nc2 Ra2 22. Ra1 d5 23. Rfc1 dxc4 24. dxc4 Rxa1 25. Rxa1 Rxa1+ 26. Nxa1 Qxb4 27. Bf1 Bf8 28. Nc2 Qa4 29. Bf2 b5 30. Ne3 b4 31. Qb2 Nd7 32. Be2 Qa3 33. Nd1 Qa6 34. Qc2 Qa3 35. Nb2 b3 36. Qc1 Qa2 37. Be1 Ba3 38. Bc3 Nb6 39. Qd2 Bxb2 40. Qxb2 Qxb2 41. Bxb2 Bxc4 42. Bd1 f6 0-1

[Event "Maastricht Limburg op-B 9th"]
[Site "Maastricht"]
[Date "2015.05.25"]
[Round "6"]
[White "De Coninck, Erik"]
[Black "Van Houtte, Randy"]
[Result "1/2-1/2"]
[WhiteElo "1827"]
[BlackElo "1956"]
[PlyCount "94"]
[EventDate "2015.05.22"]
[EventType "swiss"]
[EventRounds "7"]
[EventCountry "NED"]
[SourceTitle "EXT 2016"]
[Source "ChessBase"]
[SourceDate "2015.10.08"]
[SourceVersion "1"]
[SourceVersionDate "2015.10.08"]
[SourceQuality "1"]

1. Nf3 g6 2. g3 Bg7 3. Bg2 c5 4. 0-0 Nc6 5. d3 e5 6. e4 Nge7 7. Nbd2 0-0 8. Nc4 d6 9. h4 h5 10. Bg5 Be6 11. Qd2 Qd7 12. Bh6 b5 13. Bxg7 Kxg7 14. Ne3 f6 15. c3 d5 16. exd5 Nxd5 17. Nxd5 Bxd5 18. Qe3 Qd6 19. a3 Rfe8 20. c4 bxc4 21. dxc4 Bxc4 22. Rfc1 Bf7 23. Qxc5 Qxc5 24. Rxc5 Ne7 25. Nd2 Rac8 26. Rac1 Rxc5 27. Rxc5 Rc8 28. Rxc8 Nxc8 29. b4 Nd6 30. Ne4 Nxe4 31. Bxe4 Be8 32. Bc2 Kf7 33. Bb3+ Ke7 34. f3 Kd6 35. Kf2 g5 36. Ke3 Bg6 37. a4 gxh4 38. gxh4 Kc6 39. Kd2 f5 40. Ke3 f4+ 41. Kf2 Kd6 42. Kg1 Be8 43. Kg2 Bc6 44. Kf2 Bd5 45. Bc2 Bf7 46. Be4 Be8 47. a5 Bf7 1/2-1/2

[Event "BEL-ch op"]
[Site "Antwerp"]
[Date "2013.07.14"]
[Round "9"]
[White "Van Houtte, Randy"]
[Black "Van Herck, Marcel"]
[Result "1/2-1/2"]
[WhiteElo "1902"]
[BlackElo "2104"]
[PlyCount "78"]
[EventDate "2013.07.06"]
[EventType "swiss"]
[EventRounds "9"]
[EventCountry "BEL"]
[SourceTitle "CBM 155 Extra"]
[Source "ChessBase"]
[SourceDate "2013.08.26"]
[SourceVersion "1"]
[SourceVersionDate "2013.08.26"]
[SourceQuality "1"]

1. d4 Nf6 2. Nf3 e6 3. g3 c5 4. e3 Nc6 5. Bg2 d5 6. 0-0 b5 7. Nbd2 Qb6 8. dxc5 Bxc5 9. Nb3 Bd6 10. a4 b4 11. Nbd4 e5 12. Nxc6 Qxc6 13. b3 0-0 14. Bb2 Re8 15. Re1 Bg4 16. h3 Bh5 17. g4 Bg6 18. Rc1 Rad8 19. Nh4 Be4 20. f3 Bg6 21. Nxg6 hxg6 22. Bf1 Bc5 23. Bb5 Qb6 24. Qe2 Re7 25. Kg2 e4 26. f4 d4 27. exd4 Bxd4 28. Bxd4 Rxd4 29. Bc4 e3 30. Qf3 Rd2+ 31. Re2 Ne4 32. Rxd2 Nxd2 33. Qd5 Qf6 34. Qd8+ Kh7 35. g5 Qxf4 36. Qxe7 Qf3+ 37. Kh2 Qf2+ 38. Kh1 Qf3+ 39. Kh2 Qf4+ 1/2-1/2

[Event "BEL-ch op"]
[Site "Antwerp"]
[Date "2013.07.13"]
[Round "8"]
[White "Van Houtte, Randy"]
[Black "De Vleeschauwer, Maarten"]
[Result "1-0"]
[WhiteElo "1902"]
[BlackElo "2033"]
[PlyCount "77"]
[EventDate "2013.07.06"]
[EventType "swiss"]
[EventRounds "9"]
[EventCountry "BEL"]
[SourceTitle "CBM 155 Extra"]
[Source "ChessBase"]
[SourceDate "2013.08.26"]
[SourceVersion "1"]
[SourceVersionDate "2013.08.26"]
[SourceQuality "1"]

1. d4 c5 2. e3 Nf6 3. Nf3 e6 4. g3 cxd4 5. exd4 b6 6. Bg2 Bb7 7. 0-0 Be7 8. b3 0-0 9. Bb2 d6 10. c4 Nbd7 11. Nc3 Rc8 12. Rc1 a6 13. Qe2 Qc7 14. Rfd1 Qb8 15. h3 Rfe8 16. g4 h6 17. Qe3 Qa8 18. Ne1 Nh7 19. Qg3 Bxg2 20. Nxg2 Ng5 21. Rd3 Nf6 22. f3 e5 23. h4 Ne6 24. d5 Nd4 25. Re1 b5 26. Ne3 b4 27. Ne4 Nxe4 28. fxe4 Bxh4 29. Qg2 Bxe1 30. Bxd4 exd4 31. Nf5 Rcd8 32. g5 h5 33. g6 f6 34. Qf3 Rxe4 35. Qxe4 Re8 36. Qf3 Bd2 37. Rxd2 d3 38. Qxh5 Qa7+ 39. Kg2 1-0

[Event "BEL-ch op"]
[Site "Antwerp"]
[Date "2013.07.10"]
[Round "5"]
[White "Barbier, Wim"]
[Black "Van Houtte, Randy"]
[Result "0-1"]
[WhiteElo "2115"]
[BlackElo "1902"]
[PlyCount "74"]
[EventDate "2013.07.06"]
[EventType "swiss"]
[EventRounds "9"]
[EventCountry "BEL"]
[SourceTitle "CBM 155 Extra"]
[Source "ChessBase"]
[SourceDate "2013.08.26"]
[SourceVersion "1"]
[SourceVersionDate "2013.08.26"]
[SourceQuality "1"]

1. c4 e5 2. g3 Nf6 3. Bg2 Nc6 4. Nc3 Bc5 5. a3 a5 6. e3 0-0 7. Nge2 d6 8. 0-0 Bf5 9. d4 Bb6 10. h3 Qd7 11. Kh2 Rad8 12. d5 Ne7 13. e4 Bg6 14. f4 exf4 15. Nxf4 h6 16. b4 Bh7 17. Nd3 Bd4 18. Bb2 Bxc3 19. Bxc3 Nxe4 20. Bxe4 Bxe4 21. Nf4 Nf5 22. g4 Ne3 23. Qd4 Nxf1+ 24. Rxf1 f5 25. Ne6 Rde8 26. gxf5 Bxf5 27. Nxg7 Re2+ 28. Kg1 Re4 29. Qd2 Kh7 30. Kh2 Qe7 31. Rf2 Bg6 32. Ne6 Rxf2+ 33. Qxf2 Qf7 34. Qxf7+ Bxf7 35. Nf8+ Kg8 36. Nd7 Rxc4 37. Be1 Kg7 0-1

[Event "BEL-ch op"]
[Site "Antwerp"]
[Date "2013.07.07"]
[Round "2"]
[White "Van Houtte, Randy"]
[Black "Schuermans, Robert"]
[Result "0-1"]
[WhiteElo "1902"]
[BlackElo "2127"]
[PlyCount "74"]
[EventDate "2013.07.06"]
[EventType "swiss"]
[EventRounds "9"]
[EventCountry "BEL"]
[SourceTitle "CBM 155 Extra"]
[Source "ChessBase"]
[SourceDate "2013.08.26"]
[SourceVersion "1"]
[SourceVersionDate "2013.08.26"]
[SourceQuality "1"]

1. d4 Nf6 2. Nf3 e6 3. c4 c5 4. d5 exd5 5. cxd5 d6 6. Nc3 g6 7. e4 Bg7 8. Be2 0-0 9. 0-0 Re8 10. Qc2 Na6 11. a3 Bg4 12. Be3 Nc7 13. Rfd1 b5 14. h3 Bxf3 15. Bxf3 Nd7 16. Be2 a6 17. f4 f5 18. Bf3 Bxc3 19. bxc3 fxe4 20. Be2 Nb6 21. Qa2 Qf6 22. Bxc5 dxc5 23. d6+ c4 24. dxc7 Qxf4 25. Rd4 Qxc7 26. Rad1 Rad8 27. Qd2 Qc5 28. Qf4 Rxd4 29. Rxd4 Qe5 30. Qd2 Kg7 31. Rd6 Na4 32. Rxa6 Re7 33. Bxc4 Nxc3 34. Be2 e3 35. Qd3 Nxe2+ 36. Qxe2 Rc7 37. Qe1 e2 0-1

[Event "Aalst op 15th"]
[Site "Aalst"]
[Date "2013.06.05"]
[Round "8"]
[White "Van Houtte, Randy"]
[Black "Willockx, Ritsaart"]
[Result "1/2-1/2"]
[WhiteElo "1902"]
[BlackElo "1965"]
[PlyCount "98"]
[EventDate "2013.04.17"]
[EventType "swiss"]
[EventRounds "9"]
[EventCountry "BEL"]
[SourceTitle "EXT 2014"]
[Source "ChessBase"]
[SourceDate "2013.11.20"]
[SourceVersion "1"]
[SourceVersionDate "2013.11.20"]
[SourceQuality "1"]

1. d4 d5 2. Nf3 Nf6 3. g3 c6 4. Bg2 Bf5 5. 0-0 e6 6. Nbd2 Nbd7 7. Re1 Ne4 8. Nxe4 Bxe4 9. Bf4 f6 10. h4 Be7 11. Bh3 g5 12. hxg5 fxg5 13. Be5 Nxe5 14. Nxe5 Bd6 15. f3 Bxe5 16. dxe5 Bf5 17. Bxf5 exf5 18. Qd3 Qd7 19. c4 dxc4 20. Qxc4 0-0-0 21. Rad1 Qe7 22. f4 h5 23. b4 gxf4 24. Qxf4 Qe6 25. Rxd8+ Rxd8 26. Rf1 Rd5 27. Qxf5 Rxe5 28. Qf8+ Kc7 29. Rf7+ Kb6 30. Qd8+ Ka6 31. Rf3 Qxa2 32. Qd3+ Rb5 33. Rf1 Qd5 34. Ra1+ Kb6 35. Qe3+ c5 36. Qh6+ Qc6 37. bxc5+ Rxc5 38. Rb1+ Rb5 39. Rxb5+ Kxb5 40. Qxh5+ Qc5+ 41. Qxc5+ Kxc5 42. Kf2 a5 43. Ke3 a4 44. Kd3 Kd5 45. g4 Ke5 46. e3 b5 47. Kc3 Kf6 48. e4 Kg6 49. e5 Kg5 1/2-1/2

[Event "Aalst op 15th"]
[Site "Aalst"]
[Date "2013.05.22"]
[Round "6"]
[White "Van Houtte, Randy"]
[Black "Boschmans, Jos"]
[Result "1-0"]
[WhiteElo "1902"]
[BlackElo "1830"]
[PlyCount "83"]
[EventDate "2013.04.17"]
[EventType "swiss"]
[EventRounds "9"]
[EventCountry "BEL"]
[SourceTitle "EXT 2014"]
[Source "ChessBase"]
[SourceDate "2013.11.20"]
[SourceVersion "1"]
[SourceVersionDate "2013.11.20"]
[SourceQuality "1"]

1. d4 Nf6 2. Nf3 d6 3. c4 g6 4. Nc3 Bg7 5. h3 0-0 6. e4 c5 7. d5 Nbd7 8. Be2 Ne5 9. Nxe5 dxe5 10. Be3 Qa5 11. 0-0 a6 12. Qc2 e6 13. g4 Ne8 14. f4 exf4 15. Bxf4 e5 16. Bg3 Nd6 17. Bd3 Bd7 18. Qh2 Rae8 19. g5 b5 20. cxb5 axb5 21. Nd1 Qb4 22. Bf2 c4 23. Bc2 f5 24. a3 Qd2 25. Bc5 Qxg5+ 26. Kh1 Rf6 27. h4 Qh5 28. Bxd6 Rxd6 29. Ne3 f4 30. Bd1 Qh6 31. Ng4 Bxg4 32. Bxg4 Bf6 33. h5 Bd8 34. a4 Bb6 35. axb5 Bd4 36. Ra4 Rb8 37. Rxc4 Rxb5 38. Be6+ Kg7 39. Rc7+ Kf8 40. Ra1 Rd8 41. Qh4 g5 42. Qg4 1-0

[Event "Aalst op 15th"]
[Site "Aalst"]
[Date "2013.05.08"]
[Round "4"]
[White "Van Houtte, Randy"]
[Black "Roels, Frederik"]
[Result "0-1"]
[WhiteElo "1902"]
[BlackElo "1949"]
[PlyCount "56"]
[EventDate "2013.04.17"]
[EventType "swiss"]
[EventRounds "9"]
[EventCountry "BEL"]
[SourceTitle "EXT 2014"]
[Source "ChessBase"]
[SourceDate "2013.11.20"]
[SourceVersion "1"]
[SourceVersionDate "2013.11.20"]
[SourceQuality "1"]

1. d4 d5 2. Nf3 Nf6 3. c4 c6 4. Nc3 dxc4 5. a4 Bf5 6. h3 Nbd7 7. Bf4 Qa5 8. Nd2 Nb6 9. e4 Nxe4 10. Ndxe4 Bxe4 11. Qd2 Bd5 12. Bc7 Rc8 13. Be5 f6 14. Bh2 e6 15. Rg1 Bb4 16. g4 0-0 17. g5 Nd7 18. g6 e5 19. gxh7+ Kh8 20. dxe5 Rce8 21. 0-0-0 Nxe5 22. Bxe5 Rxe5 23. Qc2 Bxc3 24. bxc3 Be4 25. Qb2 Qxa4 26. Bxc4 Qxc4 27. Rd4 Qf7 28. h4 Rb5 0-1

[Event "Aalst op 15th"]
[Site "Aalst"]
[Date "2013.04.24"]
[Round "2"]
[White "Descamps, Bert"]
[Black "Van Houtte, Randy"]
[Result "0-1"]
[WhiteElo "1825"]
[BlackElo "1902"]
[PlyCount "62"]
[EventDate "2013.04.17"]
[EventType "swiss"]
[EventRounds "9"]
[EventCountry "BEL"]
[SourceTitle "EXT 2014"]
[Source "ChessBase"]
[SourceDate "2013.11.20"]
[SourceVersion "1"]
[SourceVersionDate "2013.11.20"]
[SourceQuality "1"]

1. e4 c5 2. Nc3 Nc6 3. f4 g6 4. Nf3 Bg7 5. Bb5 Nd4 6. 0-0 Nxb5 7. Nxb5 a6 8. Nc3 e6 9. e5 d5 10. d4 cxd4 11. Qxd4 Ne7 12. g4 0-0 13. Qf2 Nc6 14. Be3 f6 15. Bb6 Qe8 16. exf6 Bxf6 17. Qg3 Qe7 18. a3 Qg7 19. Ne5 Nxe5 20. fxe5 Bxe5 21. Rxf8+ Kxf8 22. Rf1+ Kg8 23. Qe3 d4 24. Qg5 Bd7 25. Ne4 Re8 26. Bc7 Bxc7 27. Nf6+ Kh8 28. Nxe8 Bxe8 29. Qc5 Kg8 30. g5 Bc6 31. Qa7 Qe5 0-1

[Event "BEL-ch op"]
[Site "Antwerp"]
[Date "2011.07.03"]
[Round "2.19"]
[White "Van Houtte, Randy"]
[Black "Gijsen, Stief"]
[Result "0-1"]
[WhiteElo "1903"]
[BlackElo "2116"]
[PlyCount "116"]
[EventDate "2011.07.02"]
[EventType "swiss"]
[EventRounds "9"]
[EventCountry "BEL"]
[SourceTitle "CBM 143 Extra"]
[Source "ChessBase"]
[SourceDate "2011.08.29"]
[SourceVersion "1"]
[SourceVersionDate "2011.08.29"]
[SourceQuality "1"]

1. e4 e5 2. Bc4 Nf6 3. d3 c6 4. Nf3 d5 5. exd5 cxd5 6. Bb5+ Bd7 7. Bxd7+ Nbxd7 8. 0-0 Bd6 9. c3 0-0 10. Bg5 h6 11. Bh4 Qb6 12. Qc2 Rad8 13. Nbd2 Bb8 14. Rfe1 Rfe8 15. h3 g5 16. Bg3 e4 17. Bxb8 exf3 18. Bh2 fxg2 19. Nf3 Nh5 20. Nd4 Qf6 21. Qd2 Nf8 22. Re2 Ng6 23. Rae1 Rxe2 24. Qxe2 Nhf4 25. Bxf4 Nxf4 26. Qe3 g4 27. Qg3 Nxh3+ 28. Kxg2 h5 29. f3 Nf4+ 30. Kg1 Kh7 31. Ne2 Nxe2+ 32. Rxe2 gxf3 33. Rh2 Qg6 34. Kf2 Qxg3+ 35. Kxg3 Kg6 36. Kxf3 d4 37. Rg2+ Kf5 38. cxd4 Rxd4 39. Ke3 Rd7 40. Rf2+ Kg4 41. Rg2+ Kh3 42. Rg7 b6 43. d4 h4 44. b4 a6 45. a4 Kh2 46. a5 bxa5 47. bxa5 h3 48. Rg5 Kh1 49. Rc5 Rd6 50. Rf5 Rg6 51. Rxf7 Kg2 52. Rf2+ Kg1 53. d5 Rg3+ 54. Ke2 h2 55. Rf1+ Kg2 56. Rf2+ Kh3 57. Rxh2+ Kxh2 58. d6 Rg6 0-1

[Event "BEL-ch U18/20"]
[Site "Houffalize"]
[Date "2011.04.22"]
[Round "8"]
[White "Van Houtte, Randy"]
[Black "Van Herck, Raf"]
[Result "1-0"]
[WhiteElo "1888"]
[BlackElo "1728"]
[PlyCount "103"]
[EventDate "2011.04.17"]
[EventType "swiss"]
[EventRounds "9"]
[EventCountry "BEL"]
[SourceTitle "EXT 2012"]
[Source "ChessBase"]
[SourceDate "2011.11.24"]
[SourceVersion "1"]
[SourceVersionDate "2011.11.24"]
[SourceQuality "1"]

1. e4 c5 2. Nf3 d6 3. d4 cxd4 4. Nxd4 Nf6 5. Nc3 a6 6. g3 e5 7. Nde2 Be7 8. Bg2 0-0 9. 0-0 Be6 10. h3 Nbd7 11. Be3 b5 12. f4 Qc7 13. g4 Nb6 14. f5 Bc4 15. b3 Bxe2 16. Nxe2 Rac8 17. g5 Ne8 18. Rc1 f6 19. g6 h6 20. Qd2 d5 21. exd5 Bc5 22. Kh1 Nd6 23. Bxc5 Qxc5 24. c3 Rfd8 25. Ng3 Kf8 26. Rfd1 Rd7 27. Ne4 Nxe4 28. Bxe4 Rcd8 29. c4 bxc4 30. bxc4 Rc8 31. Rc2 Qa3 32. Qd3 Qxd3 33. Rxd3 Rxc4 34. Rxc4 Nxc4 35. Rc3 Nd6 36. Bd3 Ke7 37. Bxa6 Nxf5 38. Bc8 Nd6 39. Bxd7 Kxd7 40. a4 e4 41. a5 e3 42. Rxe3 Nc4 43. Re4 Nxa5 44. Ra4 Nb7 45. Ra7 Kc7 46. Kg2 Kb8 47. Ra6 Nd8 48. Kf3 Kb7 49. Ra1 Kc7 50. Ra7+ Kd6 51. Rxg7 Kxd5 52. Rd7+ 1-0

[Event "BEL-ch U18/20"]
[Site "Houffalize"]
[Date "2011.04.21"]
[Round "7"]
[White "Poscic, Mark"]
[Black "Van Houtte, Randy"]
[Result "1/2-1/2"]
[WhiteElo "1840"]
[BlackElo "1888"]
[PlyCount "57"]
[EventDate "2011.04.17"]
[EventType "swiss"]
[EventRounds "9"]
[EventCountry "BEL"]
[SourceTitle "EXT 2012"]
[Source "ChessBase"]
[SourceDate "2011.11.24"]
[SourceVersion "1"]
[SourceVersionDate "2011.11.24"]
[SourceQuality "1"]

1. e4 c5 2. Nf3 d6 3. d4 cxd4 4. Nxd4 Nf6 5. Nc3 a6 6. Bd3 e5 7. Nb3 Be7 8. 0-0 0-0 9. Bg5 Nc6 10. Bxf6 Bxf6 11. Nd5 Bg5 12. f4 exf4 13. Nxf4 Ne5 14. Nd5 Be6 15. c3 g6 16. Qe2 Re8 17. Rae1 Bh4 18. g3 Bg4 19. Qg2 Bg5 20. Bb1 h5 21. h4 Be7 22. Nd4 Kg7 23. Rf4 Qa5 24. Qf1 Be6 25. Nb3 Qd8 26. Nd4 Bxd5 27. exd5 Bf6 28. Qf2 Rf8 29. Rf1 1/2-1/2

[Event "BEL-ch U20"]
[Site "Houffalize"]
[Date "2009.04.18"]
[Round "8"]
[White "Belet, Artium"]
[Black "Van Houtte, Randy"]
[Result "0-1"]
[WhiteElo "1282"]
[BlackElo "1824"]
[PlyCount "124"]
[EventDate "2009.04.13"]
[EventType "swiss"]
[EventRounds "9"]
[EventCountry "BEL"]
[SourceTitle "EXT 2012"]
[Source "ChessBase"]
[SourceDate "2011.11.24"]
[SourceVersion "1"]
[SourceVersionDate "2011.11.24"]
[SourceQuality "1"]

1. e4 c5 2. Nf3 a6 3. Nc3 b5 4. d4 cxd4 5. Nxd4 Bb7 6. f3 b4 7. Na4 e5 8. Nf5 d6 9. Be3 g6 10. Nxd6+ Bxd6 11. Nb6 Ne7 12. Nxa8 Bxa8 13. Qd2 Bc7 14. 0-0-0 Qxd2+ 15. Bxd2 a5 16. Bh6 f5 17. Bb5+ Bc6 18. Bc4 fxe4 19. fxe4 Bxe4 20. Bg7 Rg8 21. Bxg8 Nxg8 22. Rhe1 Kf7 23. Bh8 Bxg2 24. Bxe5 Bxe5 25. Rxe5 Nc6 26. Re2 Bh3 27. Rd6 Nge7 28. Rf2+ Bf5 29. c3 Kg7 30. h4 bxc3 31. bxc3 Ne5 32. Rh2 Nd3+ 33. Kd2 Ne5 34. Kc1 Nd3+ 35. Kc2 Nd5 36. Rxd5 Nb4+ 37. Kb3 Nxd5 38. c4 Ne7 39. Ka4 Nc6 40. Rd2 Be4 41. Kb5 h6 42. c5 g5 43. hxg5 hxg5 44. Rd1 Kg6 45. Rd6+ Kf5 46. Rxc6 Bxc6+ 47. Kxc6 g4 48. Kb6 g3 49. c6 g2 50. c7 g1Q+ 51. Kb7 Qb1+ 52. Ka7 Qc2 53. Kb6 a4 54. Kb7 Qb2+ 55. Kc6 Qc3+ 56. Kb7 Qb4+ 57. Kc6 Ke5 58. c8Q Qc4+ 59. Kb7 Qxc8+ 60. Kxc8 a3 61. Kb7 Kd4 62. Ka6 Kc3 0-1

[Event "BEL-ch U20"]
[Site "Houffalize"]
[Date "2009.04.17"]
[Round "7"]
[White "Van Houtte, Randy"]
[Black "De Roo, Samuel"]
[Result "0-1"]
[WhiteElo "1824"]
[BlackElo "1871"]
[PlyCount "69"]
[EventDate "2009.04.13"]
[EventType "swiss"]
[EventRounds "9"]
[EventCountry "BEL"]
[SourceTitle "EXT 2012"]
[Source "ChessBase"]
[SourceDate "2011.11.24"]
[SourceVersion "1"]
[SourceVersionDate "2011.11.24"]
[SourceQuality "1"]

1. e4 e6 2. d3 c5 3. Nd2 Nc6 4. Ngf3 g6 5. g3 Bg7 6. Bg2 Nge7 7. 0-0 0-0 8. Re1 d5 9. e5 Qc7 10. Qe2 b6 11. Nf1 Nf5 12. c3 Ba6 13. Bf4 Rad8 14. h4 b5 15. b3 b4 16. Rac1 Rc8 17. Qd2 bxc3 18. Qxc3 Nb4 19. d4 Nxa2 20. Qa1 Nxc1 21. Rxc1 Bxf1 22. Rxc5 Qb6 23. Rxc8 Rxc8 24. Kxf1 Qxb3 25. Qxa7 Qd1+ 26. Ne1 Nxd4 27. Qa6 Rf8 28. Qa2 Qb3 29. Qd2 Qc4+ 30. Nd3 Nb3 31. Qe2 Rc8 32. Kg1 Nc5 33. Bf1 Qxd3 34. Qxd3 Nxd3 35. Bxd3 0-1